A novel approach to the statistical generation of non-normal distributed PSP compact model parameters using a nonlinear power method

Salvato in:
Dettagli Bibliografici
Autore principale: Kováč, Urban
Altri autori: Dideban, D., Cheng, Binjie, Moezi, N., Roy, Gareth, Asenov, Asen
Natura: Capitolo di libro
Lingua:inglese
Tags: Aggiungi Tag
Nessun Tag, puoi essere il primo ad aggiungerne!!

MARC

LEADER 00000nla$a2200000$$$4500
001 0127827
005 20240502083321.7
041 0 |a eng 
044 |a US 
245 1 0 |a A novel approach to the statistical generation of non-normal distributed PSP compact model parameters using a nonlinear power method  |c U. Kováč, D. Dideban, B. Cheng, N. Moezi, G. Roy, A. Asenov 
100 1 |a Kováč, Urban 
700 1 |a Dideban, D. 
700 1 |a Cheng, Binjie 
700 1 |a Moezi, N. 
700 1 |a Roy, Gareth 
700 1 |a Asenov, Asen